Từ điển văn học Việt Nam Từ nguồn gốc đến hết thế kỷ XIX
Những thông tin vế các dữ kiện chủ yếu của nền văn học Việt Nam trước thế kỷ 19: tác gia, tác phẩm, thể loại... cùng một loạt các hiện tượng đáng chú ý khác của tiến trình văn học được xếp theo chữ cái của mục từ
Gorde:
| Egile nagusia: | |
|---|---|
| Beste egile batzuk: | |
| Formatua: | Liburua |
| Hizkuntza: | Vietnamese |
| Argitaratua: |
H.
Giáo dục
1999
|
| Edizioa: | Tái bản lần thứ 2 |
| Gaiak: | |
| Etiketak: |
Etiketa erantsi
Etiketarik gabe, Izan zaitez lehena erregistro honi etiketa jartzen!
|
| Thư viện lưu trữ: | Mạng thư viện Đại học Đà Nẵng |
|---|
| LEADER | 01599nam a22003978a 4500 | ||
|---|---|---|---|
| 001 | 000010113 | ||
| 003 | 6313 | ||
| 005 | 20111114081125.0 | ||
| 008 | 111114s1999 b 000 0 od | ||
| 020 | |c 85.000đ |d 1.000b | ||
| 041 | 0 | |a 9912 | |
| 041 | 0 | |a vie | |
| 080 | |a 8(V)(03) | ||
| 082 | |a 895.92203 |b LA-Â | ||
| 084 | |a V5(1)z21 |b T550Đ | ||
| 100 | 1 | |a Lại Nguyên Ân |e Biên soạn | |
| 245 | 1 | 0 | |a Từ điển văn học Việt Nam |b Từ nguồn gốc đến hết thế kỷ XIX |c Lại Nguyên Ân, Bùi Văn Trọng Cường b.s |
| 250 | |a Tái bản lần thứ 2 | ||
| 260 | |a H. |b Giáo dục |c 1999 | ||
| 300 | |a 799tr |c 21cm | ||
| 500 | |a Thư mục trang 7 . - Bảng tra | ||
| 520 | |a Những thông tin vế các dữ kiện chủ yếu của nền văn học Việt Nam trước thế kỷ 19: tác gia, tác phẩm, thể loại... cùng một loạt các hiện tượng đáng chú ý khác của tiến trình văn học được xếp theo chữ cái của mục từ | ||
| 653 | |a Văn học | ||
| 653 | |a Việt Nam | ||
| 653 | |a Từ điển | ||
| 700 | 1 | |a Bùi Văn Trọng Cường |e Tác giả | |
| OWN | |a LSP | ||
| AVA | |a UDN50 |b LSP |d 895.92203 LA-Â |e available |t Error 5001 Not defined in file expand_doc_bib_avail. |f 1 |g 0 |h N |i 0 |k 1 | ||
| 999 | |a From the UDN01 | ||
| AVA | |a UDN50 |b LSP |d 895.92203 LA-Â |e available |t Error 5001 Not defined in file expand_doc_bib_avail. |f 1 |g 0 |h N |i 0 |k 1 | ||
| TYP | |a Monograph | ||
| TYP | |a Printed language | ||
| 980 | |a Mạng thư viện Đại học Đà Nẵng | ||